[Event "Floripa Chess Open 2024"]
[Site "Florianopolis"]
[Date "2024.01.23"]
[Round "5.167"]
[White "Monteiro, Samuel Ramazzotte"]
[Black "Dos Santos, Rafaela Alves"]
[Result "1-0"]
[WhiteElo "1540"]
[BlackElo "1800"]
[PlyCount "53"]
[EventDate "2024.01.20"]
[EventRounds "10"]
[EventCountry "BRA"]

1. Nf3 Nc6 2. g3 e5 3. d3 Nf6 4. Bg2 h6 5. O-O Bc5 6. e4 d6 7. Nc3 a6 8. a4
$146 ({RR} 8. Be3 Bxe3 9. fxe3 Nh7 10. Nd5 Ne7 11. Nd2 Be6 12. c4 c6 13. Nxe7
Qxe7 14. d4 O-O 15. d5 Bd7 16. Nf3 c5 17. Qd2 b5 18. b3 Rfb8 19. Rab1 Nf6 20.
Nh4 g6 21. h3 Rb6 22. Kh2 Rab8 {Paulsen,L-Steinitz,W Vienna 1873 0-1 (45)}) ({
RR} 8. Be3 Bxe3 9. fxe3 Bg4 10. Qd2 Bxf3 11. Rxf3 Ne7 12. Raf1 h5 13. h4 Neg8
14. Bh3 c6 15. d4 Nh6 16. Bf5 Qe7 17. Qd3 O-O 18. d5 c5 19. Nb1 b5 20. Nd2 c4
21. Qe2 Qc7 22. c3 Qc5 {Najer,E (2682)-Volokitin,A (2659) Germany 2008 0-1 (37)
}) ({RR} 8. Be3 O-O 9. Qd2 Re8 10. Rad1 Bd7 11. a3 Ba7 12. Bxa7 Rxa7 13. d4 Ra8
14. h3 exd4 15. Nxd4 Nxd4 16. Qxd4 Bc6 17. Rfe1 Qe7 18. Kh2 Qe5 19. Qxe5 Rxe5
20. f4 Re7 21. e5 Bxg2 22. exf6 Rxe1 {Horvath,G (2269)-Toth,B (2350) Hungary
2012 1-0 (55)}) ({RR} 8. h3 Be6 9. Qe2 Qd7 10. Kh2 g5 11. Ng1 O-O-O 12. Nd5
Bxd5 13. exd5 Ne7 14. c4 Ne8 15. Rb1 Nf5 16. b4 Bb6 17. Ba3 Nd4 18. Qb2 Qa4 19.
Rfc1 f5 20. Rc3 f4 21. Nf3 fxg3+ 22. Kxg3 Nf5+ {Heinsohn,G-Knaak,R Stralsund
1975 0-1 (50)}) ({RR} 8. Be3 Bg4 9. h3 Bh5 10. g4 Bg6 11. Nxe5 Nxe5 12. d4 Bb4
13. dxe5 dxe5 14. Nd5 Bd6 15. f4 exf4 16. Nxf4 Bxe4 17. Bxe4 Nxe4 18. Nh5 Be5
19. Qf3 Qe7 20. Rae1 O-O-O 21. Ba7 Nd6 22. Nxg7 Qg5 {Trindade,S-Garbarino,R
San Pedro de Jujuy 1981 0-1 (32)}) 8... Bg4 9. h3 Be6 10. Kh2 Qd7 11. Ne2 O-O-O
12. c3 g5 13. d4 exd4 14. cxd4 g4 15. Nfg1 gxh3 16. Nxh3 Bxh3 17. Bxh3 Ng4+ 18.
Bxg4 Qxg4 19. dxc5 dxc5 20. Qc2 Nb4 21. Qc4 Qf3 22. Nf4 Rd4 23. Qxc5 Rxe4 24.
Qf5+ Kb8 25. Ra3 Rxf4 26. Rxf3 Rxf5 27. Rxf5 1-0

[Event "Floripa Chess Open 2024"]
[Site "Florianopolis"]
[Date "2024.01.23"]
[Round "5.168"]
[White "El Zwei, Aiman Mohamed"]
[Black "Arnosti, Marcelo Gusmao"]
[Result "1-0"]
[WhiteElo "1800"]
[BlackElo "1525"]
[PlyCount "70"]
[EventDate "2024.01.20"]
[EventRounds "10"]
[EventCountry "BRA"]

1. e4 c6 2. d4 d5 3. exd5 cxd5 4. Bd3 Nf6 5. c3 e6 6. Bf4 Bd6 7. Bxd6 Qxd6 8.
Nf3 Nc6 9. O-O O-O 10. Qe2 ({RR} 10. Nbd2 Bd7 {1/2-1/2 (10) Campora,D (2542)
-Spangenberg,H (2508) Pinamar 2002}) 10... Nd7 ({RR} 10... a6 11. Nbd2 b5 12.
Ne5 Na5 13. f4 Bb7 14. Rf3 Nc4 15. Rh3 g6 16. Ndf3 Ne4 17. Nxc4 bxc4 18. Bxe4
dxe4 19. Ng5 h5 20. Nxe4 Qxf4 21. Nc5 Bc6 22. Qxc4 Bb5 23. Qb3 Rab8 24. Qc2
Rbd8 25. Nxe6 {Nandhidhaa,P (2318)-Zairbek kyzy,B (1921) Tornelo INT 2021 1-0 
(40)}) 11. Nbd2 $146 ({RR} 11. Rc1 a6 12. Nbd2 b5 13. a3 f6 14. Nh4 e5 15.
Bxh7+ Kxh7 16. Qh5+ Kg8 17. Ng6 Rd8 18. Qh8+ Kf7 19. Qh5 Kg8 20. Qh8+ Kf7 {
1/2-1/2 (20) Bessarab,V (1884)-Khalturin,N (1753) Tyumen 2014}) ({RR} 11. Re1
b6 12. Ne5 Ncxe5 13. dxe5 Qe7 14. Qh5 g6 15. Qh6 f6 16. exf6 Nxf6 17. Qg5 Qc5
18. Re3 d4 19. Re5 Qd6 20. Nd2 dxc3 21. Ne4 cxb2 22. Re1 Qxd3 23. Nxf6+ Rxf6
24. Qxf6 b1=Q 25. Rxe6 Qxe1+ {Nayberg,S (1857)-Simkunaite,G (1650) Porto
Carras GRE 2018 0-1 (38)}) 11... e5 12. dxe5 Ndxe5 13. Nxe5 Nxe5 14. Rfe1 Nxd3
15. Qxd3 Be6 16. Nf3 h6 17. Rad1 Qb6 18. Re2 Rad8 19. h3 a6 20. Nd4 Rfe8 21.
Rde1 Bd7 22. Qf3 Rxe2 23. Rxe2 Be6 24. Qg3 Qd6 25. Qxd6 Rxd6 26. f4 Kf8 27. Re5
Bd7 28. f5 f6 29. Re2 b5 30. g4 Kf7 31. Rd2 Ke7 32. Nb3 Bc8 33. Nc5 h5 34. Kf2
Rd8 35. Re2+ Kd6 1-0

[Event "Floripa Chess Open 2024"]
[Site "Florianopolis"]
[Date "2024.01.23"]
[Round "5.169"]
[White "Nunes, Leonardo De Souza"]
[Black "Da Costa, Carlos Henrique Luz"]
[Result "1-0"]
[WhiteElo "1800"]
[BlackElo "1520"]
[PlyCount "133"]
[EventDate "2024.01.20"]
[EventRounds "10"]
[EventCountry "BRA"]

1. e4 c5 2. Nf3 d6 3. d4 cxd4 4. Nxd4 Nc6 5. c4 Nxd4 ({RR} 5... Bd7 6. Nc3 Rc8
7. Be2 a6 8. O-O Na5 9. Be3 Nf6 10. Rc1 Nxc4 11. Bxc4 Rxc4 12. Qb3 Rc8 13. Qxb7
e6 14. Qxa6 Be7 15. f3 O-O 16. Rf2 Ra8 17. Qc4 Rc8 18. Qd3 Qa5 19. a3 Rb8 20.
Na2 {Lupulescu,C (2571)-Bogdan,D (2434) Hungary 2007 1-0 (44)}) 6. Qxd4 Bd7 ({
RR} 6... h6 7. Nc3 Bd7 8. Be2 Nf6 9. O-O e6 10. Be3 Be7 11. Rac1 O-O 12. f4 Bc6
13. Bf3 Qb8 14. Qd2 Rd8 15. Rfd1 e5 16. f5 Nh7 17. b4 Bg5 18. b5 Be8 19. Nd5 b6
20. Bxg5 Nxg5 21. Rc3 {Jagodzinski,A (1460)-Lag,M Poznan POL 2021 1-0}) 7. Be3
$146 ({RR} 7. Nc3 Nf6 8. f3 g6 9. Be3 Bg7 10. Be2 O-O 11. Qd2 Qa5 12. O-O Rac8
13. Nd5 Qxd2 14. Nxe7+ Kh8 15. Bxd2 Rce8 16. Nd5 Nxd5 17. cxd5 Bxb2 18. Rab1
Bd4+ 19. Kh1 b6 20. Bb4 Bc5 21. Bc3+ f6 {Krueger,G (2034)-Mueller,M (1967)
Berlin 2015 1/2-1/2 (101)}) 7... b6 8. Nc3 Nf6 9. f3 g6 10. Be2 Bg7 11. O-O O-O
12. Qd2 Bc6 13. Rfd1 Qc7 14. Rac1 Rfd8 15. Nd5 Qb7 16. Bd4 Ne8 17. b4 e6 18.
Nc3 Qd7 19. b5 Bb7 20. a4 Qc7 21. Kf1 Rd7 22. Bxg7 Nxg7 23. Qg5 Qd8 24. Qh6 Qf6
25. f4 Rad8 26. Rd3 Ne8 27. Bg4 Qg7 28. Qh3 Nf6 29. Bf3 Rc8 30. e5 Bxf3 31.
exf6 Qxf6 32. Qxf3 Rxc4 33. g3 d5 34. Qe3 Rdc7 35. Ne2 Rxc1+ 36. Nxc1 Qb2 37.
Nb3 Qb1+ 38. Kg2 Rc2+ 39. Rd2 Rc4 40. Nd4 Rxa4 41. Rc2 Rc4 42. Rxc4 dxc4 43.
Qc3 Qa2+ 44. Qc2 Qa5 45. Qxc4 Qd2+ 46. Ne2 Qe3 47. Qc8+ Kg7 48. Qc3+ Qxc3 49.
Nxc3 Kf6 50. Ne4+ Ke7 51. Kf3 f5 52. Nd2 Kd6 53. Nb3 Kd5 54. Ke3 Kc4 55. Nd4 h6
56. h3 g5 57. fxg5 hxg5 58. h4 f4+ 59. Ke4 fxg3 60. hxg5 g2 61. Nf3 Kxb5 62. g6
a5 63. g7 Ka4 64. g8=Q b5 65. Qxg2 b4 66. Nd4 Ka3 67. Qc2 1-0

[Event "Floripa Chess Open 2024"]
[Site "Florianopolis"]
[Date "2024.01.23"]
[Round "5.170"]
[White "Salomoni, Lorenzo"]
[Black "Pavao, Alice Lara Biasi"]
[Result "0-1"]
[WhiteElo "1800"]
[BlackElo "1517"]
[PlyCount "90"]
[EventDate "2024.01.20"]
[EventRounds "10"]
[EventCountry "BRA"]

1. e4 c5 2. Nf3 g6 3. c3 d5 4. Bb5+ Bd7 5. Bxd7+ Qxd7 6. exd5 Qxd5 7. O-O Bg7 (
{RR} 7... Nc6 8. d4 cxd4 9. cxd4 Bg7 10. Nc3 Qd6 11. d5 Ne5 12. Qa4+ Qd7 13.
Nxe5 Qxa4 14. Nxa4 Bxe5 15. Re1 Bd6 16. Be3 b6 17. Nc3 Kd7 18. Nb5 Nf6 19. Rad1
Rhc8 20. Nxd6 Kxd6 21. Bd4 Nxd5 22. Be5+ {Stefanov,P (2077)-Rodrigues Mota,R 
(2031) chess.com INT 2022 1/2-1/2 (58)}) 8. Qe2 Nf6 $146 ({RR} 8... e6 9. Rd1
Nf6 10. d4 O-O 11. Be3 c4 12. Nbd2 Rc8 13. Ne5 b5 14. a4 a6 15. Qf3 Qxf3 16.
Ndxf3 Nbd7 17. Bg5 Nb6 18. Bxf6 Bxf6 19. a5 Na4 20. Nd7 Bd8 21. Nb6 Bxb6 22.
axb6 Nxb6 23. Ne5 {Baumgartner,C (1894)-Farell,R Stillwater 2010 0-1 (44)}) 9.
d4 cxd4 10. cxd4 Nc6 11. Nc3 Nxd4 12. Qxe7+ Kxe7 13. Nxd5+ Nxd5 14. Nxd4 Bxd4
15. Rd1 Bxf2+ 16. Kxf2 Nb6 17. Be3 Rhc8 18. Rac1 Rxc1 19. Rxc1 Rc8 20. Rxc8
Nxc8 21. Bc5+ Ke6 22. Ke3 b6 23. Bd4 Nd6 24. Kf4 f6 25. h4 Nb5 26. Be3 Nc7 27.
Ke4 Nd5 28. Bd2 Ne7 29. g4 f5+ 30. Kf4 Nd5+ 31. Kg5 fxg4 32. Kxg4 Nf6+ 33. Kf4
h6 34. a3 Nd7 35. Kg4 Kf7 36. Kf4 Nc5 37. Ke5 Nd3+ 38. Kd6 Nxb2 39. Kc7 Nc4 40.
Bc1 Kf6 41. Kb7 Kf5 42. Kxa7 Kg4 43. Bxh6 Nxa3 44. Kxb6 Nc4+ 45. Kc6 Ne5+ 0-1

[Event "Floripa Chess Open 2024"]
[Site "Florianopolis"]
[Date "2024.01.23"]
[Round "5.171"]
[White "Santiago, Mauro"]
[Black "Esteves Neto, Antonio Francisco"]
[Result "0-1"]
[WhiteElo "1516"]
[BlackElo "1800"]
[PlyCount "53"]
[EventDate "2024.01.20"]
[EventRounds "10"]
[EventCountry "BRA"]

1. d4 Nf6 2. c4 g6 3. Nc3 Bg7 4. e4 d6 5. Nge2 O-O 6. f3 e5 7. d5 Nfd7 ({RR} 
7... a5 8. Bg5 h6 9. Be3 Na6 10. Qd2 h5 11. g3 Nd7 12. Bg2 Ndc5 13. O-O Bd7 14.
Nc1 f5 15. exf5 gxf5 16. Nd3 Nxd3 17. Qxd3 h4 18. g4 Qe7 19. Qe2 Kh7 20. gxf5
Bxf5 21. Ne4 Bh6 22. Bxh6 {Dambacher,M (2511)-Ernst,S (2541) Maastricht NED
2019 1/2-1/2 (59)}) 8. Be3 Nb6 $146 ({RR} 8... Na6 9. Qd2 Ndc5 10. Bg5 Qe8 11.
h4 Nb4 12. Ng3 h5 13. Nb5 Nba6 14. Ne2 Bd7 15. b4 Bxb5 16. bxc5 Bxc4 17. g4
Nxc5 18. Nc3 Bxf1 19. Kxf1 f6 20. Bh6 Rf7 21. Rg1 Kh7 22. Bxg7 Rxg7 23. f4 {
Korenova,M-Brunova,B (1432) Kouty nad Desnou 2012 0-1 (38)}) 9. Ng3 c6 10. Qd2
cxd5 11. cxd5 f5 12. Bg5 Qe8 13. Nb5 f4 14. Nc7 Qf7 15. Nxa8 Nxa8 16. Ne2 h6
17. Bh4 g5 18. Bf2 g4 19. Nc3 a6 20. Be2 h5 21. Rc1 Nc7 22. a4 Bd7 23. Na2 Ne8
24. Ba7 Nf6 25. Qa5 Nxe4 26. fxe4 f3 27. gxf3 0-1

[Event "Floripa Chess Open 2024"]
[Site "Florianopolis"]
[Date "2024.01.23"]
[Round "5.172"]
[White "Nicacio, Daniel Ramos"]
[Black "Gorgen, Antonio Rebello Hor"]
[Result "1-0"]
[WhiteElo "1479"]
[BlackElo "1793"]
[PlyCount "77"]
[EventDate "2024.01.20"]
[EventRounds "10"]
[EventCountry "BRA"]

1. e4 e6 2. d3 d5 3. Nd2 Nf6 4. Ngf3 b6 5. g3 Bb7 6. e5 Nfd7 7. Bg2 d4 8. O-O
c5 9. Re1 Qc7 10. a4 Nc6 11. Qe2 Be7 12. h4 Nb4 $146 ({RR} 12... O-O-O 13. c3
dxc3 14. bxc3 h5 15. Nc4 Ba6 16. Na3 Ndb8 17. Nb5 Qd7 18. d4 Na5 19. dxc5 Bxc5
20. Bg5 Bxb5 21. axb5 Rdf8 22. Red1 Qe8 23. Nd4 f6 24. Bf4 f5 25. Rxa5 bxa5 26.
Qc4 Qe7 27. Nxe6 {Gundlach,F-Schaub,W Kassel 1995 1-0}) 13. Nf1 Bd5 14. Bf4 Qb7
15. N1h2 Bd8 16. c3 dxc3 17. bxc3 Nc6 18. c4 Bxf3 19. Qxf3 Rc8 20. Qg4 Rg8 21.
Be4 Bc7 22. Nf3 Nf8 23. Ng5 h6 24. Nf3 Bb8 25. Bxh6 Qd7 26. Bf4 Nd4 27. Nxd4
cxd4 28. a5 b5 29. cxb5 Qxb5 30. Reb1 Qa6 31. Bb7 Qxd3 32. Bxc8 Qc3 33. Rc1 Qd3
34. Rab1 Nd7 35. Bxd7+ Kxd7 36. Rb7+ Bc7 37. Rcxc7+ Kd8 38. Rxf7 Ke8 39. Qxe6+
1-0

[Event "Floripa Chess Open 2024"]
[Site "Florianopolis"]
[Date "2024.01.23"]
[Round "5.173"]
[White "Mazzuco Junior, Adir"]
[Black "Rafaelknunes, Rafael Klanfer Nune"]
[Result "0-1"]
[WhiteElo "1479"]
[BlackElo "1789"]
[PlyCount "82"]
[EventDate "2024.01.20"]
[EventRounds "10"]
[EventCountry "BRA"]

1. d4 Nf6 2. Nf3 g6 3. Bf4 Bg7 4. e3 O-O 5. Be2 d6 6. O-O Nh5 7. Bg5 h6 8. Bh4
Bf5 $146 ({RR} 8... g5 9. Nfd2 Nf6 10. Bg3 Nc6 11. c4 e5 12. d5 Ne7 13. Nc3 Nh7
14. e4 f5 15. f3 f4 16. Bf2 h5 17. c5 Nf6 18. cxd6 cxd6 19. Nc4 Ne8 20. Qb3 b6
21. a4 Bd7 22. Nb5 Nc8 23. a5 {Nemirovski,S (2236)-Bakalarz,M (2313) France
2001 1-0 (41)}) ({RR} 8... f5 9. Bc4+ Kh8 10. Nc3 c6 11. d5 b5 12. Bb3 b4 13.
Ne2 g5 14. Bxg5 hxg5 15. Nxg5 e5 16. f4 exf4 17. exf4 c5 18. Ne6 Bxe6 19. dxe6
Nc6 20. Rf3 Rf6 21. Rd3 Rh6 22. Rxd6 Bd4+ 23. Nxd4 {Gubajdullin,A (2345)
-Petrosyan,M (2613) St Petersburg RUS 2019 0-1 (32)}) ({RR} 8... g5 9. Nfd2 Nf4
10. exf4 gxh4 11. c3 Nd7 12. Nf3 e5 13. fxe5 dxe5 14. Nbd2 exd4 15. Nxd4 Ne5
16. Nc4 Nxc4 17. Bxc4 Qf6 18. Re1 h3 19. g3 Bd7 20. Re4 c5 21. Rf4 Qe7 22. Nf5
Bxf5 23. Rxf5 {Kovacevic,B (2393)-Nemec,V (2194) Bosnjaci CRO 2022 1-0 (69)}) (
{RR} 8... c5 9. c3 g5 10. Nfd2 Nf6 11. Bg3 cxd4 12. cxd4 Bf5 13. Nc3 Nc6 14.
Qb3 Qd7 15. Rac1 Rfc8 16. d5 Nb8 17. e4 Bg6 18. f3 Na6 19. Bxa6 bxa6 20. Qa3
Nh5 21. Qxa6 Nxg3 22. hxg3 Be5 23. g4 {Smirnov,A (2393)-Golubev,R (2380) Tula
2017 1-0 (62)}) ({RR} 8... g5 9. Nfd2 Nf6 10. Bg3 Nc6 11. c4 e5 12. d5 Ne7 13.
Nc3 Nf5 14. Bd3 h5 15. h3 g4 16. Bxf5 Bxf5 17. Bh4 Qd7 18. hxg4 Nxg4 19. Qe2
Bg6 20. f3 Nh6 21. e4 f5 22. Bg5 f4 23. Kf2 {Nokso Koivisto,A (2330)
-Westerinen,H (2430) Helsinki 1992 1/2-1/2 (34)}) 9. h3 Be4 10. Nh2 Nf6 11. Nd2
Bc6 12. c3 e5 13. dxe5 dxe5 14. Ng4 g5 15. Nxf6+ Qxf6 16. Bg3 Nd7 17. Qc2 Nc5
18. Rac1 Rad8 19. b3 Qe7 20. e4 Rd7 21. Bg4 Rd6 22. Bf5 Bb5 23. c4 Bc6 24. Rfe1
Nd3 25. c5 Rdd8 26. Nf3 Nxe1 27. Rxe1 Bd7 28. h4 g4 29. Nh2 Bxf5 30. exf5 h5
31. f3 Rd5 32. fxg4 hxg4 33. Nxg4 Qxc5+ 34. Qxc5 Rxc5 35. f6 Bh8 36. Re4 Kh7
37. Kh2 Re8 38. Bxe5 Kg6 39. Rf4 Rcxe5 40. Nxe5+ Rxe5 41. g4 Bxf6 0-1

[Event "Floripa Chess Open 2024"]
[Site "Florianopolis"]
[Date "2024.01.23"]
[Round "5.174"]
[White "Candido, Eduardo Da Silva"]
[Black "Philippi, Enzo Grotto"]
[Result "0-1"]
[WhiteElo "1792"]
[BlackElo "1471"]
[PlyCount "54"]
[EventDate "2024.01.20"]
[EventRounds "10"]
[EventCountry "BRA"]

1. e4 c5 2. Nf3 g6 3. d4 cxd4 4. Qxd4 Nf6 5. Nc3 Nc6 6. Qa4 d6 7. e5 dxe5 8.
Nxe5 Bd7 9. Nxd7 Qxd7 10. Be3 Bg7 11. Rd1 Qc7 12. g3 O-O 13. Bg2 a6 14. O-O
Rad8 $146 ({RR} 14... b5 15. Qf4 Rac8 16. Qxc7 Rxc7 17. Bc5 Re8 18. Rfe1 Bf8
19. a4 b4 20. Ne4 Nxe4 21. Bxe4 e6 22. Bb6 Rcc8 23. Re2 Ne5 24. b3 Rc3 25. Kg2
Bc5 26. a5 f5 27. Bb7 Bxb6 28. axb6 Rb8 29. Rxe5 {Libiszewski,F (2369)
-Beudaert,X (2293) Monaco 2003 1-0 (54)}) ({RR} 14... b5 15. Qf4 Qxf4 16. Bxf4
Rac8 17. Bh3 e6 18. Bg2 Nh5 19. Bd6 Rfe8 20. Ne4 f5 21. Nc5 Bxb2 22. Nxa6 Nd4
23. Bc5 Ne2+ 24. Kh1 Nc3 25. Rb1 Nxb1 26. Rxb1 Red8 27. Bb7 Ra8 28. Rxb2 Rd1+
29. Kg2 {Girya,O (2315)-Gaponenko,I (2450) Moscow 2009 1-0 (39)}) ({RR} 14...
b5 15. Qb3 Rab8 16. Nd5 Nxd5 17. Rxd5 Na5 18. Qb4 Nc4 19. Bf4 e5 20. Bc1 Rfc8
21. c3 Bf8 22. Qb3 b4 23. Qd1 bxc3 24. bxc3 Nb6 25. Rd3 Qc4 26. Qe2 Na4 27. Bd5
Nxc3 28. Qf3 Nxd5 29. Qxd5 {Zaragatski,I (2510)-Guseinov,G (2603) Rhodes 2013
0-1 (56)}) 15. Qb3 Qc8 16. Bb6 Rxd1 17. Rxd1 Nd7 18. Bh3 e6 19. Be3 Rd8 20. Bg5
Re8 21. Ne4 Nde5 22. Nd6 Qd7 23. c4 Na5 24. Qe3 Naxc4 25. Qf4 Nxd6 26. Bf6 Bxf6
27. Qxf6 Nc6 0-1

[Event "Floripa Chess Open 2024"]
[Site "Florianopolis"]
[Date "2024.01.23"]
[Round "5.175"]
[White "Milkievicz Da Rocha, Mateus"]
[Black "Simoncini, Luana Felipe"]
[Result "1-0"]
[WhiteElo "1468"]
[BlackElo "1772"]
[PlyCount "33"]
[EventDate "2024.01.20"]
[EventRounds "10"]
[EventCountry "BRA"]

1. e4 c6 2. d4 d5 3. e5 Bf5 4. h4 h6 5. g4 Bh7 6. e6 fxe6 7. Bd3 Bxd3 8. Qxd3
Nf6 9. Qg6+ Kd7 10. Nf3 Qe8 11. Ne5+ Kc8 12. Nf7 Rg8 13. g5 Qd7 14. gxf6 exf6
15. Nxh6 Rh8 16. Nf7 Rg8 $146 ({RR} 16... Bb4+ 17. c3 Rf8 18. cxb4 Qxf7 19.
Qxf7 Rxf7 20. Nc3 Nd7 21. h5 Kc7 22. Be3 e5 23. O-O-O b6 24. h6 g5 25. b5 exd4
26. Bxd4 Rh8 27. bxc6 Kxc6 28. Nxd5 {1-0 (28) Calvo Sanchez,J-Martin Bermejo,D
Valladolid 1992}) 17. h5 1-0

[Event "Floripa Chess Open 2024"]
[Site "Florianopolis"]
[Date "2024.01.23"]
[Round "5.176"]
[White "Nagel, Yasmin Da Silva"]
[Black "Quintela, Filipe"]
[Result "0-1"]
[WhiteElo "1437"]
[BlackElo "1800"]
[PlyCount "44"]
[EventDate "2024.01.20"]
[EventRounds "10"]
[EventCountry "BRA"]

1. e4 e5 2. Nf3 Nc6 3. Bc4 Nf6 4. Ng5 d5 5. exd5 Na5 6. Bb5+ c6 7. dxc6 bxc6 8.
Be2 h6 9. Nf3 Bd6 10. c3 ({RR} 10. d3 O-O 11. O-O Re8 12. Nc3 Nd5 13. Ne4 Bc7
14. c4 Ne7 15. Nc5 Nb7 16. Na6 Nd6 17. c5 Bb8 18. cxd6 Bxd6 19. Nc5 Bxc5 20.
Nxe5 Bd4 21. Nc4 Nd5 22. Bg4 Bd7 23. Bf5 Be6 24. Be4 Bg4 {Winants,L (2497)
-Dutreeuw,M (2390) Charleroi 2001 1/2-1/2 (32)}) ({RR} 10. d3 O-O 11. O-O c5
12. Nc3 Bb7 13. Be3 Ng4 14. h3 Nxe3 15. fxe3 f5 16. e4 f4 17. Qe1 Nc6 18. Rc1
Qe8 19. Nb5 Bb8 20. c3 g5 21. Qf2 Qe7 22. Nh2 c4 23. d4 a6 24. Bxc4+ Kg7 {
Zhuravleva,O (2278)-Zhukova,N (2324) Moscow RUS 2019 1/2-1/2 (62)}) 10... O-O
11. h3 $146 ({RR} 11. O-O c5 12. d3 Bb7 13. Be3 Qc7 14. h3 Rfd8 15. Na3 e4 16.
Nh4 exd3 17. Bf3 a6 18. Nf5 Bf8 19. c4 Nc6 20. Nb1 Rab8 21. Nc3 Ne5 22. Bxb7
Rxb7 23. b3 Qd7 24. Ng3 Ng6 25. Qd2 Nh4 {Claus,S (1840)-Dyga,R (1587)
Frankfurt 2012 0-1 (38)}) 11... Nb7 12. O-O Bf5 13. Qa4 Qc7 14. b4 Nd5 15. Na3
Nf4 16. Bd1 Nxh3+ 17. gxh3 Bxh3 18. Re1 Rfe8 19. Nc4 e4 20. Nxd6 Qxd6 21. Nd4
Qg6+ 22. Bg4 Qxg4+ 0-1

[Event "Floripa Chess Open 2024"]
[Site "Florianopolis"]
[Date "2024.01.23"]
[Round "5.177"]
[White "Kipper, Celso"]
[Black "Ruvieri, Daniel Minami"]
[Result "0-1"]
[WhiteElo "1800"]
[BlackElo "1437"]
[PlyCount "81"]
[EventDate "2024.01.20"]
[EventRounds "10"]
[EventCountry "BRA"]

1. e4 e5 2. Nf3 d6 3. d4 Nf6 4. Nc3 Nbd7 5. Bc4 Be7 6. O-O O-O 7. Bb3 c6 8. h3
Qc7 9. Re1 b5 10. a3 Bb7 11. Bg5 a6 12. Qe2 Rfe8 $146 ({RR} 12... c5 13. dxe5
dxe5 14. Nd5 Nxd5 15. Bxd5 Bxd5 16. exd5 f6 17. Bh4 Nb6 18. Rad1 Rad8 19. Qe4
Rd6 20. b3 c4 21. Bg3 Qd7 22. bxc4 Nxc4 23. a4 Nb2 24. Rd2 Nxa4 25. Nh4 Nc5 26.
Qf3 g6 27. Red1 {Barriga Silva,F (1751)-Vasquez Toledo,C (2069) Concepcion
2015 0-1 (43)}) 13. Rad1 Bf8 14. Qd2 exd4 15. Nxd4 c5 16. Nf5 c4 17. Ba2 Bxe4
18. Nxd6 Bxd6 19. Qxd6 Qxd6 20. Rxd6 Bxc2 21. Rc1 Bf5 22. Bb1 Bxb1 23. Rxb1 h6
24. Be3 Re6 25. Rd4 Nc5 26. Rbd1 Nb3 27. Rd8+ Rxd8 28. Rxd8+ Kh7 29. Kf1 Ne4
30. Nxe4 Rxe4 31. Rd5 c3 32. bxc3 Ra4 33. Bc5 Nxc5 34. Rxc5 Rxa3 35. Ke2 Ra2+
36. Ke3 Rb2 37. c4 Rc2 38. g4 Rxc4 39. Rxc4 bxc4 40. Kd4 Kg6 41. f4 0-1

[Event "Floripa Chess Open 2024"]
[Site "Florianopolis"]
[Date "2024.01.23"]
[Round "5.178"]
[White "Dos Santos, Leonardo Lopes"]
[Black "Nunes, Alice"]
[Result "1-0"]
[WhiteElo "1664"]
[BlackElo "1274"]
[PlyCount "69"]
[EventDate "2024.01.20"]
[EventRounds "10"]
[EventCountry "BRA"]

1. e4 e5 2. Nf3 Nc6 3. Bc4 Bc5 4. d3 d6 5. h3 Nf6 6. O-O O-O 7. Bg5 Re8 ({RR} 
7... Na5 8. Bb3 Nxb3 9. axb3 h6 10. Be3 Bxe3 11. fxe3 Nh7 12. Nc3 c6 13. Kh1
Ng5 14. Nxg5 Qxg5 15. Qe2 f5 16. exf5 Bxf5 17. Rf3 Bg6 18. Raf1 Rxf3 19. Qxf3
Qe7 20. Kh2 Rf8 21. Qxf8+ Qxf8 22. Rxf8+ {Videnova,I (2284)-Petkov,V (2506)
Cappelle-la-Grande 2011 1/2-1/2}) 8. c3 ({RR} 8. Nc3 h6 9. Bh4 a6 10. Nd5 g5
11. Bg3 Be6 12. Nxf6+ Qxf6 13. Bxe6 Qxe6 14. c3 Red8 15. d4 exd4 16. cxd4 d5
17. Bxc7 Rd7 18. dxc5 dxe4 19. Nd2 Rxc7 20. Re1 Qd5 21. Nxe4 Qxd1 22. Raxd1 Re8
{Schubert,D (941)-Zimmermann,T (743) Bad Homburg 2015 1-0}) 8... Be6 9. Nbd2
Bxc4 $146 ({RR} 9... a6 10. Nh2 b5 11. Bb3 b4 12. Ba4 Bd7 13. Bxc6 Bxc6 14. Ng4
Rc8 15. Nxf6+ gxf6 16. Bh6 Kh8 17. Kh1 Rg8 18. f4 Rg6 19. Qh5 Qd7 20. f5 Rgg8
21. Qh4 Qe7 22. Rf3 Bb5 23. c4 Bc6 24. Raf1 {Eizenhoefer,C-Heyer,K Lichtenfels
1994 1-0 (43)}) 10. Nxc4 b5 11. Ne3 Bxe3 12. fxe3 Re6 13. d4 exd4 14. exd4 Rxe4
15. Nd2 Re6 16. d5 Re5 17. Bxf6 gxf6 18. dxc6 Kh8 19. Qf3 f5 20. Rae1 Rxe1 21.
Rxe1 Qg5 22. Qe3 Qxe3+ 23. Rxe3 Kg7 24. Re7 Rc8 25. Nb3 Kf8 26. Rd7 Ke8 27. Nd4
f4 28. Nxb5 Rd8 29. Nxc7+ Kf8 30. Rxd8+ Kg7 31. Ne8+ Kg6 32. c7 Kf5 33. c8=Q+
Ke4 34. Qc4+ Ke5 35. Rxd6 1-0

[Event "Floripa Chess Open 2024"]
[Site "Florianopolis"]
[Date "2024.01.23"]
[Round "5.179"]
[White "Paula Pinto, Mateus Arsenio"]
[Black "Buffon, Maria Ivy Segalin"]
[Result "1-0"]
[WhiteElo "1640"]
[BlackElo "1254"]
[PlyCount "95"]
[EventDate "2024.01.20"]
[EventRounds "10"]
[EventCountry "BRA"]

1. d4 {Hecht,H} d5 2. c4 e6 3. Nf3 c5 4. g3 Nf6 5. Bg2 Nc6 6. O-O Be7 7. Nc3
O-O 8. cxd5 exd5 9. dxc5 Bxc5 10. Bg5 d4 11. Bxf6 Qxf6 12. Ne4 Qe7 13. Nxc5
Qxc5 14. Rc1 Qd6 ({RR} 14... Qb6 15. b3 Bg4 16. Qc2 Qa5 17. h3 Be6 18. Rfd1
Rad8 19. Qb2 Rd7 20. a3 d3 21. b4 Qb5 22. Rc5 Qa4 23. Rxd3 Rxd3 24. exd3 Qd1+
25. Kh2 Qxd3 26. b5 Na5 27. Ne5 Qd6 28. Rc2 f6 29. Nf3 {Mikhaletz,L (2513)
-Zubarev,A (2476) Ordzhonikidze 2000 CBM 078 [Hecht,H] 1/2-1/2 (63)}) ({RR} 
14... Qb6 15. Rxc6 bxc6 16. Qxd4 Qxd4 17. Nxd4 Rb8 18. b3 c5 19. Nc6 Rb6 20.
Rc1 Bb7 21. Ne7+ Kh8 22. Rxc5 Bxg2 23. Kxg2 g6 24. Nd5 Re6 25. e3 Rd8 26. Nf4
Ra6 27. Rc2 Rad6 28. a4 Rb8 29. Rc7 {Ruiz Casado,F (1936)-Martinez Fernandez,R
(2177) Linares ESP 2021 0-1 (94)}) 15. e3 $146 ({RR} 15. Qd2 Be6 16. b3 Rfd8
17. Rfd1 Bd5 18. Qb2 Qf6 19. Rd2 Rd7 20. Rcd1 Rad8 21. Ne1 Bxg2 22. Kxg2 Qf5
23. Qc2 Qe6 24. Nf3 h6 25. a3 a6 26. b4 Rd5 27. Qc4 Qe4 28. Qd3 Qe6 29. Qc4 Qe4
{Pilnik,H-Michel,P Mar del Plata 1943 1/2-1/2}) ({RR} 15. Qd3 Bg4 16. Rfd1 Rad8
17. Qb5 Qe7 18. Rd2 Rfe8 19. h3 Be6 20. Rcd1 Rd5 21. Qd3 Red8 22. Qe4 Qd7 23.
h4 h6 24. Qd3 a6 25. a3 a5 26. Qb1 Bf5 27. Qa1 Be4 28. b3 d3 29. exd3 Rxd3 {
Cruz,R-Castelli,R Buenos Aires 1961 1-0 (33)}) ({RR} 15. a3 Bg4 16. Qc2 Rad8
17. Rfd1 Qe7 18. Rd2 Rd7 19. Rcd1 Rfd8 20. b4 a6 21. Qb2 Qf6 22. Qc2 Bf5 23.
Qb2 h6 24. Ne1 Ne7 25. Nf3 {1/2-1/2 (25) Wiessner,J (1899)-Dmochowska,A (1519)
Marianske Lazne 2009}) 15... d3 16. Qb3 Nb4 17. a3 Be6 18. Qxb4 Qxb4 19. axb4
Rad8 20. Nd2 Bg4 21. Bf3 Bxf3 22. Nxf3 Rd6 23. Nd4 Rb6 24. b5 a6 25. bxa6 bxa6
26. b3 g6 27. Rfd1 Rd8 28. Rxd3 Rbd6 29. Rdc3 Kg7 30. Rc6 Rxc6 31. Rxc6 a5 32.
Kf1 Ra8 33. Rc4 Kf6 34. Ra4 Rb8 35. Rxa5 Kg7 36. Ke2 Rb7 37. Kd3 Kf6 38. Kc4
Ke7 39. Ra7 Rxa7 40. Nc6+ Kd6 41. Nxa7 Kc7 42. Nb5+ Kb6 43. b4 f5 44. f3 g5 45.
e4 g4 46. fxg4 fxe4 47. Nc3 e3 48. Kd3 1-0